| 000 | 00451nam a2200181 i 4500 | ||
|---|---|---|---|
| 020 | _a2704000611 : | ||
| 040 | _cDLC | ||
| 082 | 0 | 0 | _a599 DOI 1997 A030 Or. |
| 100 | 1 | _aDerache, R. | |
| 245 | 1 | 0 | _aPhysiologie et biochimie de la nutrition / |
| 260 |
_aParis : _bDoin, _c1977. |
||
| 300 |
_a267 p. : _bill. ; _c24 cm. |
||
| 490 | 0 | _aBiologie appliquée | |
| 500 | _aIncludes index. | ||
| 650 | 0 | _aNutrition. | |
| 650 | 0 | _aMetabolism. | |
| 942 | _cFB | ||
| 999 |
_c11435 _d11435 |
||